La xarxa urbana de Catalunya a partir d'una anàlisi funcional /
Descripción Física:
10 pàgs. ; il. col. ; mapes ; 29 cm.
Colección:
Arrel : revista editada per la Diputació de Barcelona
; Núm. 18 (abril, 1987) ; pàgs. 142-151
MARC
| LEADER | 00000nab a2200000 a 4500 | ||
|---|---|---|---|
| 001 | 10258 | ||
| 003 | Arxiu | ||
| 005 | 20260326124740.0 | ||
| 008 | 160829s9999 xx 000 0 cat d | ||
| 100 | |a Riera, Pilar |9 44158 | ||
| 245 | |a La xarxa urbana de Catalunya a partir d'una anàlisi funcional / |c Pilar Riera | ||
| 260 | |a Barcelona : |b Diputació de Barcelona ; |c 1987 | ||
| 300 | |a 10 pàgs. ; |b il. col. ; mapes ; |c 29 cm. | ||
| 490 | |a Arrel : revista editada per la Diputació de Barcelona ; |v Núm. 18 (abril, 1987) ; pàgs. 142-151 |x 0211-562X | ||
| 650 | |a Ciutats |x Catalunya |9 44159 | ||
| 650 | |a Pobles i villes |x Catalunya |9 44160 | ||
| 650 | |a Anàlisi de xarxes (Planificació) |9 44161 | ||
| 856 | 4 | |u https://media.diba.cat/diba/fitxers/arxiu/hemeroteca/arrel/10258/bib_10258_1987_n02_a15_baixa.pdf |y Accés lliure | |
| 901 | |a Arxiu | ||
| 942 | |n 1 |2 udc |c Articles de revista | ||
| 952 | |0 0 |1 0 |2 udc |4 0 |6 REV95 |7 1 |9 51821 |a Arxiu |b Arxiu |d 2016-12-01 |o Rev-95 |r 2016-12-01 00:00:00 |w 2016-12-01 |y ARXIU | ||
| 999 | |c 55667 |d 55667 | ||
| 900 | |a bib_10258_1987_n02_a15_baixa.pdf | ||